Ο πολιτισμός, η μητέρα μου!...
Saved in:
| Main Author: | |
|---|---|
| Format: | Book |
| Language: | Greek French |
| Published: |
Αθήνα :
Scripta,
2000.
|
| Series: | Γαλλόφωνη λογοτεχνία
|
| Subjects: | |
| Tags: |
Add Tag
No Tags, Be the first to tag this record!
|
MARC
| LEADER | 00000cam a2200000 a 4500 | ||
|---|---|---|---|
| 001 | 1/124377 | ||
| 008 | 220215s2000####gr | ||| |||| ||gre|| | ||
| 020 | |a 9607909283 | ||
| 040 | |a GR-MyUa |b gre |c GR-MyUa |e AACR2 | ||
| 041 | 1 | |a gre |h fre | |
| 082 | 7 | |a 843 |2 (23) | |
| 100 | 1 | |a Chraïbi, Driss, |d 1926-2007. | |
| 245 | 1 | 2 | |a Ο πολιτισμός, η μητέρα μου!... / |c Ντρις Σραϊμπί ; μετάφραση: Παναγιώτα Γεμενή ; επιμέλεια: Οντέτ Βαρών-Βασάρ. |
| 260 | |a Αθήνα : |b Scripta, |c 2000. | ||
| 300 | |a 218 σ. ; |c 21 εκ. | ||
| 490 | 1 | |a (Γαλλόφωνη λογοτεχνία) | |
| 500 | |a Τίτλος πρωτοτύπου: La civilisation, ma mère! | ||
| 650 | 0 | |a French fiction. | |
| 830 | 0 | |a Γαλλόφωνη λογοτεχνία | |
| 970 | |a Κοντού |b Παρασκευή |z 15/02/2022 | ||